Southville International School and Colleges
Your cart is empty.
  • Cart
  • Lists
    Public lists Eva Luna New books Lux_list list_1
    Your lists Log in to create your own lists
  • Log in to your account
  • Your cookies
  • Search history
Southville International School and Colleges
  • Advanced search
  • Recent comments
  • Most popular
  • Libraries

Log in to your account

Log in with GOOGLE


If you do not have an external account, but do have a local account, you can still log in:

  1. Home
  2. MARC view: Young Cam Jansen and the missing cookie /
Normal view MARC view ISBD view

Young Cam Jansen and the missing cookie / (Record no. 42101)

[ view plain ]
MARC details
000 -LEADER
fixed length control field 00621nam a2200241Ia 4500
003 - CONTROL NUMBER IDENTIFIER
control field OSt
005 - DATE AND TIME OF LATEST TRANSACTION
control field 20140321094825.0
008 - FIXED-LENGTH DATA ELEMENTS--GENERAL INFORMATION
fixed length control field 140130s9999 xx 000 0 und d
020 ## - INTERNATIONAL STANDARD BOOK NUMBER
International Standard Book Number 0439227062
050 ## - LIBRARY OF CONGRESS CALL NUMBER
Classification number PZ 7
Item number .Ad2615Yr 2000
100 ## - MAIN ENTRY--PERSONAL NAME
Personal name Adler, David.
245 ## - TITLE STATEMENT
Statement of responsibility, etc David Adler.
Title Young Cam Jansen and the missing cookie /
260 ## - PUBLICATION, DISTRIBUTION, ETC. (IMPRINT)
Name of publisher, distributor, etc Scholastic Inc.,
Date of publication, distribution, etc c2000.
Place of publication, distribution, etc USA :
300 ## - PHYSICAL DESCRIPTION
Extent 32 p. :
Other physical details col. ill. ;
Dimensions 24 cm.
440 ## - SERIES STATEMENT/ADDED ENTRY--TITLE
Volume number/sequential designation 1
521 ## - TARGET AUDIENCE NOTE
Target audience note
526 ## - STUDY PROGRAM INFORMATION NOTE
Reading level 360
650 ## - SUBJECT ADDED ENTRY--TOPICAL TERM
Topical term or geographic name as entry element Mystery and detective stories.
650 ## - SUBJECT ADDED ENTRY--TOPICAL TERM
Topical term or geographic name as entry element Cookies
General subdivision Fiction.
942 ## - ADDED ENTRY ELEMENTS (KOHA)
Koha item type Books
Source of classification or shelving scheme Library of Congress Classification
Holdings
Withdrawn status Lost status Source of classification or shelving scheme Damaged status Home library Current library Shelving location Date acquired Total Checkouts Full call number Barcode Date last seen Copy number Koha item type Price effective from
    Library of Congress Classification   Munich Library Munich Library Scholastic Reading Center Section 01/30/2014   PZ 7 .Ad2615Yr 2000 MS2515 01/30/2014 1 Books  
    Library of Congress Classification   Munich Library Munich Library Scholastic Reading Center Section 03/21/2014   PZ 7 .Ad2615Yr 2000 MS2514 03/21/2014 2 Books 03/21/2014

Young Cam Jansen and the missing cookie /

APA

Adler D., . (2000). Young Cam Jansen and the missing cookie. USA: Scholastic Inc.

Chicago

Adler David, . 2000. Young Cam Jansen and the missing cookie. USA: Scholastic Inc.

Harvard

Adler D., . (2000). Young Cam Jansen and the missing cookie. USA: Scholastic Inc.

MLA

Adler David, . Young Cam Jansen and the missing cookie. USA: Scholastic Inc. 2000.

  • Place hold
  • Print
  • Cite
  • Add to your cart (remove)
  • Save record
    BIBTEX Dublin Core MARCXML MARC (non-Unicode/MARC-8) MARC (Unicode/UTF-8) MARC (Unicode/UTF-8, Standard) MODS (XML) RIS
  • More searches
    Search for this title in:
    Other Libraries (WorldCat) Other Databases (Google Scholar) Online Stores (Bookfinder.com) Open Library (openlibrary.org)

Exporting to Dublin Core...

SOUTHVILLE LIBRARY

Southville International School and Colleges Library

1281 Tropical Ave. Cor. Luxembourg St., BF Homes International, Las Pinas City

Tel. No. 8256374 / 252358 Loc. 117/146

Powered by Koha